000 00192 a2200097 4500
001 12224
100 _aRobina Butt
245 _aSirf Tum
260 _a
_bSang-e- Meel
_c
090 _c9443
_d9443
942 _aNUST-CAE
_cM
_c36315
999 _c247297
_d247297